Guía de pecadores

Salvato in:
Dettagli Bibliografici
Autore principale: Granada, Fray Luis de
Natura: Libro
Lingua:Undetermined
Pubblicazione: Madrid, España Espasa-Calpe 1966
Soggetti:
Tags: Aggiungi Tag
Nessun Tag, puoi essere il primo ad aggiungerne!!

MARC

LEADER 00000nam a2200000Ia 4500
008 170316s9999 xx 000 0 und d
040 |a cru BVZT 
090 |a 862 G-41g 
100 |a Granada, Fray Luis de 
245 |a Guía de pecadores 
260 |a Madrid, España 
260 |b Espasa-Calpe 
260 |c 1966 
300 |a 268 páginas 
650 |a LITERATURA ESPAÑOLA 
999 |c 9944  |d 9944 
942 |c 15 D  |h 862 G-41g  |2 z